000 00711nam a22001815i 4500
001 157511
003 ES-MaACL
005 20230906210720.0
008 971218s1877 fr |||| | fre d
040 _aCYL
_bspa
_cCYL
100 1 _aLenormant, François.
_9128876
245 1 0 _aLes syllabaires cunéiformes /
_cpar François Lenormant.
250 _aÉdition critique classée pour la première fois méthodiquement...
260 _aParis :
_bMaisonneuve et Cie, libraires-editeurs,
_c1877 (
_fImp. Gauthier-Villars)
300 _aVII, 236 p. ;
_c21 cm.
650 4 _aEscritura cuneiforme.
_912404
852 _aES-MaACL
_jT-260-F-4
_z-- Enc. hol.
_q-- Falto de la cub. original
_z-- Enc. en un vol. facticio
999 _c157511
_d157511